000
00341nam a2200169Ia 4500
100
_a
Appuu kuttan/K.K
650
_a
Mechatronics
942
_c
BK
366
_f
25
654
_a
mechatronics
245
_a
Introduction to mechatronics
260
_b
Oxford
_c
2007
082
_b
APP
300
_a
329
546
_a
ENGLISH
999
_c
21348
_d
21348